Statistiques concernant Clubs vainqueurs de la League des Champions

Cliquez ici pour prendre le quiz!

Statistiques générales

  • Ce quiz a été pris 1 892 fois
  • Le résultat moyen est 57 sur 68

Statistiques - réponses

#Clubs% Correct
1956Real Madrid
99%
2002Real Madrid
99%
1957Real Madrid
99%
1958Real Madrid
99%
1959Real Madrid
99%
2018Real Madrid
99%
2017Real Madrid
99%
2016Real Madrid
99%
1960Real Madrid
99%
2014Real Madrid
99%
1966Real Madrid
99%
2022Real Madrid
99%
1998Real Madrid
99%
2000Real Madrid
99%
2023Manchester City
98%
2006FC Barcelone
97%
1992FC Barcelone
97%
2009FC Barcelone
97%
2011FC Barcelone
97%
2015FC Barcelone
97%
2013Bayern Munich
95%
2020Bayern Munich
95%
1975Bayern Munich
95%
1976Bayern Munich
95%
1974Bayern Munich
95%
2012Chelsea
94%
2021Chelsea
94%
1984Liverpool FC
94%
1981Liverpool FC
94%
2019Liverpool FC
94%
1978Liverpool FC
94%
2005Liverpool FC
94%
1977Liverpool FC
94%
2008Manchester United
94%
1968Manchester United
94%
1999Manchester United
94%
1993Olympique de Marseille
94%
2001Bayern Munich
93%
1969Milan AC
92%
1963Milan AC
92%
1989Milan AC
92%
2007Milan AC
92%
1994Milan AC
92%
2003Milan AC
92%
1990Milan AC
92%
2010Inter de Milan
89%
1964Inter de Milan
89%
1965Inter de Milan
89%
1996Juventus FC
82%
1985Juventus FC
82%
1987FC Porto
74%
2004FC Porto
74%
1997Borussia Dortmund
72%
1973Ajax Amsterdam
69%
1971Ajax Amsterdam
69%
1995Ajax Amsterdam
69%
1972Ajax Amsterdam
68%
1962Benfica Lisbonne
59%
1961Benfica Lisbonne
59%
1980Nottingham Forest FC
56%
1983Hambourg SV
48%
1991Etoile Rouge de Belgrade
42%
1988PSV Eindhoven
41%
1982Aston Villa FC
37%
1967Celtic Glasgow
34%
1979Nottingham Forest FC
33%
1986Steaua Bucarest
12%
1970Feyenoord Rotterdam
10%

Distribution des résultats

Percentile par nombre de réponses

% des personnes avec chaque résultat

Votre développement - résultats

Vous n’avez pas pris ce quiz